Kassa sz. kir. város 1899-ik évi Zárszámadása.
Uložené v:
| Médium: | Kniha |
|---|---|
| Jazyk: | Hungarian |
| Vydané: |
Kassa :
Werfer Károly Acad. Könyv-, Kő- És Műnyomdája,
1900.
|
| Fyzický popis: |
72 strán. |
| Tagy: |
Pridať tag
Žiadne tagy, Buďte prvý kto otaguje tento záznam!
|
Titul je dostupný aj v ... 

MARC
| LEADER | 00000nam a22000002i 4500 | ||
|---|---|---|---|
| 001 | 000200821 | ||
| 005 | 20250402151537.0 | ||
| 008 | 040101s1900 xo e huno | ||
| 020 | |c Kčs 5,00 |q (brožované) | ||
| 040 | |a SVKKK |b slo |c SVKKK |e rda | ||
| 041 | 0 | |a hun | |
| 044 | |a xo |c SK | ||
| 245 | 0 | 0 | |a Kassa sz. kir. város 1899-ik évi Zárszámadása. |
| 264 | 1 | |a Kassa : |b Werfer Károly Acad. Könyv-, Kő- És Műnyomdája, |c 1900. | |
| 300 | |a 72 strán. | ||
| 336 | |a text |b txt |2 rdacontent | ||
| 337 | |a bez média |b n |2 rdamedia | ||
| 338 | |a zväzok |b nc |2 rdacarrier | ||
| 500 | |a Záznam revízie | ||
| 910 | |a svkkk | ||
| 998 | |a BK | ||
| 090 | |g SCKHL |k HIS - študovňa |a V.42097 |j 345853 |i 2720452699 |s Príručka / Študovňa | ||